| 000 | 01032cab a2200241 4500 | ||
|---|---|---|---|
| 001 | WB2940-39 | ||
| 008 | 090401t1993 xxu||||| |||| 00| 0 eng d | ||
| 035 | _a(Sirsi) u58956 | ||
| 041 | _aeng | ||
| 245 | _aValuation | ||
| 260 | _c1993 | ||
| 350 | _a0 | ||
| 490 |
_aEstates Gazette Case Summaries _v(1993) EGCS 163 (23/10/93) |
||
| 520 | _a"Allied Trust Bank Ltd v Edward Symmons & Partners" QBD 7 October 1993. A report commissioned by developer K from the defendant cited an open market value for the proposed purchase together with a value if planning permission for development was granted and a likely value on realisation. When K became bankrupt and the property sold for a smaller figure, A sued E for negligence. QBD upheld the defendant`s method of valuation. | ||
| 650 | _aNEGLIGENCE | ||
| 650 | _aOPEN MARKET VALUE | ||
| 650 | _aRESIDUAL VALUE | ||
| 650 | _aRICS GUIDANCE NOTES | ||
| 650 | _aVALUERS | ||
| 690 | _aMANAGEMENT-BUSINESS MANAGEMENT-PROFESSIONAL PRACTICE | ||
| 942 | _n0 | ||
| 948 | _c04/03/1997 | ||
| 999 |
_c36081 _d36081 |
||